Kraje najbliższe Mjanmie - Statystyki

Ogólne statystyki
  • Ten quiz został rozwiązany 192 razy
  • Średni wynik to 16 z 20
Statystyki odpowiedzi
km kraj % Poprawnych
0 Chiny
98%
0 Indie
98%
0 Laos
93%
539 Indonezja
91%
126 Wietnam
90%
0 Tajlandia
89%
590 Nepal
88%
1994 Pakistan
88%
324 Kambodża
86%
405 Malezja
86%
0 Bangladesz
84%
297 Bhutan
82%
1109 Singapur
77%
1629 Sri Lanka
77%
1576 Mongolia
71%
2055 Filipiny
66%
1767 Tajwan
66%
1780 Brunei
57%
2179 Kazachstan
48%
2170 Kirgistan
48%
Nie znaleziono quizów pasujących do podanych kryteriów
Rozkład punktacji
Procent ludzi z każdym wynikiem
Percentyl według liczby udzielonych odpowiedzi
Twoja historia wyników
Nie rozwiązałeś tego quizu